000 00468nam a2200181Ia 4500
003 GCL
008 140319s9999 xx 000 0 eng d
040 _aGCL /
_cGCL
082 0 4 _a909.09767
_bAS
100 1 _aALON, ILAI
245 1 0 _aSOCRATES IN MEDIAEVAL ARABIC LITERTURE /
_cALON, ILAI
260 _a[S.N] :
_bTHA MAYRES PRESS ،
_c1990
300 _a193.P
650 0 4 _aISLAMIC EMPIRE
650 0 4 _aINTELLECTUAL LIFE
650 0 4 _aSACRATES
942 _2ddc
_cBK
999 _c11612
_d11612